El cerdo Bajie se casa
Saved in:
| Hovedforfatter: | |
|---|---|
| Format: | Bog |
| Sprog: | spansk |
| Udgivet: |
Beijing
Lenguas Extranjeras
1985
|
| Serier: | El Rey Mono
|
| Fag: | |
| Tags: |
Tilføj Tag
Ingen Tags, Vær først til at tagge denne postø!
|
MARC
| LEADER | 00000nam a2200000 a 4500 | ||
|---|---|---|---|
| 001 | UCZ8006 | ||
| 003 | CL-VaPUC | ||
| 008 | 960112e19850000CH |||||||||||||||||spa|d | ||
| 082 | 0 | 4 | |a 895.1 |b YUA |2 21 |
| 100 | 0 | |a Yuan, Fang |e author |9 353072 | |
| 245 | 1 | 3 | |a El cerdo Bajie se casa |
| 300 | |a 54 p | ||
| 942 | |c BK | ||
| 945 | |d 19960112 00:00:00 |a cmena | ||
| 260 | |a Beijing |b Lenguas Extranjeras |c 1985 | ||
| 650 | 7 | |a LITERATURA CHINA |2 CL-VaPUC |9 352595 | |
| 650 | 0 | |a Mitología |9 255719 | |
| 650 | 7 | |a FOLKLORE |2 CL-VaPUC |9 268291 | |
| 650 | 7 | |a LEYENDAS CHINAS |2 CL-VaPUC |9 353073 | |
| 583 | |a last modification |c 19960112 00:00:00 |k Rodrigo Vera | ||
| 490 | 0 | |a El Rey Mono | |
| 999 | |c 243975 |d 243973 | ||
| 952 | |0 0 |1 0 |4 0 |6 895_100000000000000_YUA_1985 |7 0 |8 A |9 257868 |a BIBEDU |b BIBEDU |d 2019-11-19 |i 1615661 |o 895.1 YUA 1985 |p 1615661 |r 2019-11-19 |w 2019-11-19 |y BK |k EDU | ||